Louis Kahn house of the nation (Record no. 7950)

000 -LEADER
fixed length control field 00364nam a22001457a 4500
003 - CONTROL NUMBER IDENTIFIER
control field OSt
005 - DATE AND TIME OF LATEST TRANSACTION
control field 20200610124314.0
008 - FIXED-LENGTH DATA ELEMENTS--GENERAL INFORMATION
fixed length control field 200610b ||||| |||| 00| 0 eng d
020 ## - INTERNATIONAL STANDARD BOOK NUMBER
International Standard Book Number 9781941806357
082 ## - DEWEY DECIMAL CLASSIFICATION NUMBER
Classification number 720.92
Item number KAH
100 ## - MAIN ENTRY--PERSONAL NAME
Personal name Kahn, Louis I
245 ## - TITLE STATEMENT
Title Louis Kahn house of the nation
260 ## - PUBLICATION, DISTRIBUTION, ETC. (IMPRINT)
Name of publisher, distributor, etc Links International
Date of publication, distribution, etc September 16, 2010
942 ## - ADDED ENTRY ELEMENTS (KOHA)
Source of classification or shelving scheme
Holdings
Withdrawn status Lost status Source of classification or shelving scheme Damaged status Koha normalized classification for sorting Not for loan Permanent location Current location Date acquired Full call number Barcode Date last seen Price effective from Koha item type Total Checkouts Date last borrowed
        720_920000000000000_KAH   BMS College of Architecture, Design and Planning BMS College of Architecture, Design and Planning 2020-06-10 720.92 KAH AR-UG1482 2020-06-10 2020-06-10 UG Books    
        720_920000000000000_KAH   BMS College of Architecture, Design and Planning BMS College of Architecture, Design and Planning 2020-06-12 720.92 KAH AR-UG1552 2023-04-25 2020-06-12 UG Books 1 2023-04-21
Copyright © 2025, The Librarian, Library and Information Centre, BMSCA D&P, Bengaluru. All Rights Reserved
web counter

Powered by Koha